The Words Not Mixed Quiz Stats

 Plays Quiz Updated Jan 24, 2017

     
Support Sporcle.
Go Orange.
Score 0/300 Timer 15:00
3 Plays Today
% Correct
100%
100%
100%
a
93.9%
a
93.9%
a
93.9%
ɪ
93.9%
ɪ
93.9%
ɪ
93.9%
ɪ
93.9%
ɪ
93.9%
ɪ
93.9%
ɪ
93.9%
ɪ
93.9%
ɪ
93.9%
I
91%
I
91%
I
91%
I
91%
I
91%
I
91%
I
91%
I—
91%
I
91%
ɴɪ
91%
ᴛɪ
91%
ɴɪ
91%
ᴛɪ
91%
ɴɪ
91%
ғɪ
91%
ɴɪ
91%
the
86%
the
86%
the
86%
the
86%
the
86%
the
86%
the
86%
the
86%
ғʀᴏ
86%
ғʀᴏ
86%
THE
86%
And
81%
And
81%
And
81%
And
81%
and
81%
And
81%
and
81%
and
81%
And
81%
ʜᴇᴛ
81%
ʜᴇᴛ
81%
ʜᴇᴛ
81%
ʜᴇᴛ
81%
ʜᴇᴛ
81%
ʜᴇᴛ
81%
ʜᴇᴛ
81%
ʜᴇᴛ
81%
ʜᴇᴛ
81%
in
80.8%
in
80.8%
In
80.8%
in
80.8%
ᴇʙ
80.8%
ᴇʙ
80.8%
To
79.4%
to
79.4%
ᴛᴏᴡ
79.4%
ᴛᴏᴡ
79.4%
be
78.9%
be
78.9%
ᴅᴀɴ
78.9%
ᴅᴀɴ
78.9%
ᴅᴀɴ
78.9%
ᴅᴀɴ
78.9%
ᴅᴀɴ
78.9%
ᴅᴀɴ
78.9%
ᴅᴀɴ
78.9%
ᴅᴀɴ
78.9%
ᴅᴀɴ
78.9%
it
78.4%
it
78.4%
sᴀ
78.4%
sᴀ
78.4%
sᴀ
78.4%
sᴀ
78.4%
sᴀ
78.4%
on
78%
for
77.6%
for
77.6%
ᴡʜᴏ
77.6%
no
77.1%
ɴᴇᴏ
77.1%
ɴᴇᴏ
77.1%
ɴᴇᴏ
77.1%
ʟᴀʟ
77.1%
as
75.6%
as
75.6%
as
75.6%
% Correct
as
75.6%
as
75.6%
ʏʙ
75.6%
if
75.1%
ᴏᴛ
75.1%
ᴏɴ
75.1%
ʜᴏ
75.1%
ɴᴏ
75.1%
ᴏᴛ
75.1%
not
74.3%
NOT
74.3%
ᴏʀᴀᴅ
74.3%
ɢɪsʜ
74.1%
how
73.8%
ɢʟᴏɴ
73.8%
one
73.7%
one
73.7%
one
73.7%
ᴅᴀʜ
73.7%
ᴅᴀʜ
73.7%
was
73.6%
ɴᴏᴡᴅ
73.6%
Two
73.2%
Two
73.2%
sᴀᴡ
73.2%
ᴀʏʟ
73.2%
by,
73.2%
ᴛᴏɴ
73.2%
all
72.7%
ʏᴀᴡ
72.7%
Then
72.6%
Had
72.3%
had
72.3%
ᴛʏᴇ
72.3%
ROAD
72.3%
ᴋᴀɴᴛᴇ
72.3%
ɴᴏʀᴡ
71.9%
ᴍᴇᴛʜ
71.9%
them
71.6%
ʜᴀʟʟs
71.6%
way
71.5%
way,
71.5%
ᴛʜᴏʙ
71.5%
ᴛʜᴏʙ
71.5%
sᴀɢᴇ
71.5%
sᴀɢᴇ
71.5%
ᴘᴇᴛs
71.3%
long
71.3%
ᴡʀᴇᴀ
71.3%
could
71.2%
could
71.2%
ᴏᴛᴜʙᴀ
71.2%
ᴛʀɪғs
71.2%
ʙᴛᴇɴ
70.8%
this
70.8%
ᴠᴇᴇʀ
70.8%
with
70.7%
sᴇᴀᴍ
70.7%
down
70.7%
ᴅᴜʟᴄᴏ
70.7%
ᴅᴜʟᴄᴏ
70.7%
ʜᴇɴᴛ
70.7%
both
70.6%
both
70.6%
took
70.5%
took
70.5%
ʜɪsᴛ
70.5%
ᴛʜɪᴡ
70.5%
sᴛᴜᴊ
70.5%
that
70.2%
that
70.2%
that
70.2%
ᴅᴇᴀᴍ
70.2%
Oh,
70.1%
ғʀᴀ
70.1%
has
70%
ᴏᴅᴏᴡ
70%
ᴏᴅᴏᴡ
70%
wood,
69.9%
wood,
69.9%
ᴄᴀᴍɪʟ
69.9%
worn
69.9%
ᴄʜᴇᴇɴ
69.9%
ᴏᴋᴛᴏ
69.8%
ᴏᴋᴛᴏ
69.8%
just
69.7%
TAKEN
69.6%
sᴛʀᴏғ
69.6%
lay
69.5%
ʏᴀᴡ
69.5%
Yet
69.4%
ᴀsʜ
69.4%
shall
69.3%
sᴇᴠᴀʟᴇ
69.3%
bent
69.2%
ever
68.6%
less
68.6%
ᴍᴏᴄᴇ
68.6%
sᴇʟs
68.6%
ages
68.4%
% Correct
ages
68.4%
ʀᴀɪғ
68.4%
far
68.2%
ʏᴀᴅ
68.2%
wear;
68%
step
68%
ᴀʙᴄᴋ
68%
day!
67.9%
ᴛᴏɴ
67.9%
about
67.4%
ᴏʀʀʏs
67.4%
sᴀɢsᴘɪɴ
67.4%
made
67.2%
back.
66.9%
ᴀsʟᴇᴅ
66.9%
come
66.5%
ᴛʜʀᴇᴇ
66.5%
where
66.4%
ʟᴏᴡʟᴇʏ
66.4%
fair,
66.3%
ᴛᴀᴛʜ
66.3%
ᴛᴀᴛʜ
66.3%
ᴛᴀᴛʜ
66.3%
first
66.3%
ᴛᴏᴅᴏs
66.3%
sigh
66.1%
ᴘᴛᴇᴋ
66.1%
FROST
65.6%
ʙᴏʀᴛᴇʀ
65.6%
sorry
65.3%
ʙᴀʟᴋᴄ
65.3%
ʟᴀʏǫᴜᴇʟ
65.2%
kept
63.9%
same,
63.7%
ʜᴇʀᴇᴡ
63.7%
ᴅʀᴏɴᴛᴇᴅ
63.7%
roads
63.6%
roads
63.6%
ʀʜᴏᴛᴇ
63.6%
stood
63.3%
ʜᴀɢᴠɪɴ
63.3%
there
63.2%
ᴏᴋᴇʟᴅᴏ
63.2%
ɢɪᴠᴇᴅᴅᴇʀ
63.1%
ɢɪᴠᴇᴅᴅᴇʀ
63.1%
should
62.7%
ʀᴀɢsʏs
62.7%
travel
62.7%
ᴛᴇᴛʀᴇʙ
62.7%
sʜᴀᴘᴘᴇʀ
62.7%
black.
62.2%
ʜᴜᴅʟᴏs
62.2%
having
61.7%
ROBERT
61.6%
ᴋɪɴɢᴡᴏɴ
60%
yellow
59.7%
sᴇᴀᴄᴜʙᴇ
59.7%
ᴅᴏᴅᴇʙᴜᴛ
59.6%
better
59.2%
leads
58.5%
ᴏʀsᴀᴅ
58.5%
ᴏʀsᴀᴅ
58.5%
ʟɪɢɴᴇʟᴛ
58.3%
ᴛʜʀᴏᴡᴇᴅʀᴜɴɢ
58.3%
looked
57.7%
diverged
57.6%
diverged
57.6%
ɪɴᴄʀᴇᴇғғᴇᴅ
57.6%
ʀᴇᴠᴀʟᴛᴇʀ
56.8%
Because
56.6%
traveled
56.6%
difference.
56%
ʜᴏᴀʀᴛᴇɴ
55.9%
knowing
55.9%
doubted
55.3%
claim,
55.2%
ʟᴀʟᴇʀʏ
55.2%
other,
54.8%
ᴛᴀᴅɴᴇᴡ
54.8%
sʜᴏᴡᴇʀᴍᴇᴇ
54%
ʀᴇᴠᴀʟᴛᴇᴅ
53.1%
leaves
53%
grassy
52.7%
ɢʀɪɴɴᴏᴍ
52.7%
hence:
51.6%
ʀᴇᴠᴀʟᴛ
51.6%
passing
51.6%
really
51.2%
ɢᴏᴛʜᴜʜ
51.2%
traveler,
50.6%
Though
49.9%
equally
49.3%
morning
48.9%
telling
48.1%
wanted
47.5%
another
45%
perhaps
42.8%
trodden
41.9%
Somewhere
41.2%
undergrowth;
40.9%

From the Vault

Sci-Fi Movie Match-Up

by TheFlyingFinn

Movies 4m
Invasion of the 'Movie-Matchers'.
Remove Ads.
Support Sporcle.
Get the best of Sporcle when you Go Orange. This ad-free experience offers more features, more stats, and more fun while also helping to support Sporcle. Thank you for becoming a member.

Show Comments

Extras

Top Quizzes Today


Score Distribution

Your Account Isn't Verified!

In order to create a playlist on Sporcle, you need to verify the email address you used during registration. Go to your Sporcle Settings to finish the process.

Report this User

Report this user for behavior that violates our Community Guidelines.

Details: